00895nam a22002177a 4500003000900000008004100009040007100050082002200121245011400143260003500257300004500292440005100337505015800388650002300546650001500569650001200584700002100596700002200617700002000639700001800659AR-CdUCM190425b ||||| |||| 00| 0 spa d aMUNICIPALIDAD PROVINCIAL DEL CUSCOcBIBLIOTECA MUNICIPAL DEL CUSCO aReserva/N°3/1993 aReserva moral :binformativo de análisis y debate de frente único /cRoberto Briceño Popovich, Director aCusco.bKunta´s Graff,c1993. a19 páginas. :bilustraciones ;c21 cm. aReserva moral.nAño I, N°3, noviembre 1993. aContenido: No a la convención de Lima. -- Situación política post electoral. -- 500 años i deterioro ambiental. -- Rescatando identidad cultural. aPolítica peruana aEcología aCultura aAguilar, César aOlazabal, Luciano aChávez, Edwin aCurasi, Mario